Hauptschurken in DC-Filmen - Statistiken

Allgemein
  • Dieses Quiz wurde 104 mal gespielt
    48 seit der letzten Aktualisierung
  • Das Durchschnittsergebnis liegt bei 12 aus 38
Antwortstatistiken
Filmreihe Jahr Film Schurke % Korrekt
The Dark Knight 2008 The Dark Knight Joker
93%
Batman 2017 The LEGO Batman Movie Joker
93%
Batman 1989 Batman Joker(Jack Napier)
93%
The Dark Knight 2012 The Dark Knight Rises Bane
58%
DCU 2025 Superman Lex Luthor
58%
Superman 1978 Superman Lex Luthor
58%
Superman 1987 Superman IV – Die Welt am Abgrund Lex Luthor
58%
Superman 2006 Superman Returns Lex Luthor
58%
DCEU 2016 Batman v Superman: Dawn of Justice Lex Luthor
58%
DCEU 2013 Man of Steel General Zod
53%
Superman 1980 Superman II – Allein gegen alle General Zod
53%
DCEU 2017 Justice League Steppenwolf
43%
Batman 2022 The Batman Riddler(Edward Nashton)
40%
Batman 1995 Batman Forever Riddler(Edward Nygma)
40%
DCEU 2017 Wonder Woman Ares
38%
Batman 1992 Batmans Rückkehr Pinguin(Oswald Cobblepot)
35%
The Dark Knight 2005 Batman Begins Ra's al Ghul
33%
Batman 1997 Batman & Robin Mr. Freeze(Victor Fries)
25%
Batman 1995 Batman Forever Two-Face(Harvey Dent)
25%
DCEU 2023 Aquaman: Lost Kingdom Black Manta(David Kane)
23%
The Dark Knight 2012 The Dark Knight Rises Talia al Ghul
23%
DCEU 2016 Suicide Squad Enchantress
20%
Batman 1997 Batman & Robin Poison Ivy(Pamela Isley)
20%
DCEU 2020 Birds of Prey: The Emancipation of Harley Quinn Black Mask(Roman Sionis)
15%
DCEU 2018 Aquaman Ocean Master(Orm Marius)
15%
DCEU 2021 The Suicide Squad Starro
10%
DCEU 2016 Suicide Squad Amanda Waller
8%
DCEU 2023 The Flash Dark Flash(Barry Allen)
8%
DCEU 2020 Wonder Woman 1984 Maxwell Lord
8%
DCEU 2022 Black Adam Sabbac(Ishmael Gregor)
8%
DCEU 2019 Shazam! Dr. Thaddeus Sivana
3%
DCEU 2023 Shazam! Fury of the Gods Kalypso
3%
Sonstige 2004 Catwoman Laurel Hedare
3%
Sonstige 2022 DC League of Super-Pets Lulu
3%
Superman 1983 Superman III – Der stählerne Blitz Ross Webster
3%
Superman 1984 Supergirl Selena
3%
DCEU 2021 The Suicide Squad Thinker(Gaius Grieves)
3%
DCEU 2023 Blue Beetle Victoria Kord
3%
Keine übereinstimmenden Quizze gefunden
Verteilung der Resultate
Anzahl Personen mit jedem Resultat
Perzentil nach korrekt beantworteten Fragen
Ihre Resultats-Entwicklung
Sie haben dieses Quiz seit der letzten Aktualisierung nicht gespielt